| 000 | 00574nam a22001817a 4500 | ||
|---|---|---|---|
| 999 |
_c190419 _d190419 |
||
| 005 | 20220725160102.0 | ||
| 010 | _aENG-133930 | ||
| 020 |
_a9789389658415 _c300.00 |
||
| 035 | _aEN-117462 | ||
| 037 | _bDBAD/PUB | ||
| 082 | _a811.54 | ||
| 100 | _aBeulah, G. | ||
| 245 |
_aRita Dove, The Poet Dancer/ _cG. Beulah |
||
| 260 |
_aMadurai _bShanlax Publications _c2020 |
||
| 270 |
_a61,66 T.P.K. Main Road, Vasantha Nagar _bMadurai _e625003 _k0452-4208765 _mpublisher@shanlaxpublication.com |
||
| 300 |
_axii;292p. _c22cm(pbk) |
||
| 942 |
_2ddc _cEN _mBEU _h811.54 |
||